000 00243nam a2200097Ia 4500
008 190216s9999||||xx |||||||||||||| ||und||
100 _aVishnu Narayanan Namboothiri
245 0 _aSwathanthryathekurich Oru Geetham
260 _bNull
942 _cBK
999 _c24794
_d24794